Statistics for The Yamcha Quiz

Click here to take the quiz!

General Stats

  • This quiz has been taken 104 times
  • The average score is 10 of 13

Answer Stats

HintAnswer% Correct
Who is Yamcha close to and wants to marry?Bulma
95%
Who is Yamcha's shapeshifting friend?Puar
92%
How old is Yamcha at the beginning of Dragon Ball?16
89%
Who turns Yamcha into chocolate and eats him?Super Buu
85%
Who drains all of the Yamcha's energy at the beginning of the Anroid Saga?Dr. Gero
82%
In the 22nd World Martial Arts Tournament, who beats Yamcha?Tien Shinhan
82%
After Yamcha is killed in the Saiyan Saga, who does he, along with some of the other Z Fighters, train with?King Kai
81%
In the 21st World Martial Arts Tournament, who beats Yamcha?Jackie Chun (Master Roshi)
80%
In the beginning of Dragon Ball, what is the one thing that Yamcha fears?Women
80%
Who kills Yamcha at the very beginning of the Saiyan Saga in Dragon Ball Z?A Saibaman
77%
What almost kills Yamcha at the Cell Games?A Cell Jr.
74%
In the 23rd World Martial Arts Tournament, who beats Yamcha?Hero (Kami)
53%
At the end of Dragon Ball GT, what is Yamcha doing with Puar?Fixing His Car
22%

Score Distribution

Percentile by Number Answered

Percent of People with Each Score

Your Score History

You have not taken this quiz